[Event "Autumn Cup Swiss"]
[Site "Wellington Chess Club"]
[Date "2023.06.01"]
[Round "3.1"]
[White "Loke, Kayden"]
[Black "Howe, Alexander"]
[Result "1-0"]
[WhiteElo "1964"]
[BlackElo "1552"]
[WhiteFideId "4313186"]
[BlackFideId "4317386"]
[PlyCount "0"]
[EventDate "2023.05.18"]
[SourceDate ""]

1. d4 e6 2. e4 d5 3. exd5 exd5 4. Bd3 Nf6 5. Bf4 c5 6. Bxb8 Rxb8 7. Bb5+ Bd7 8.
Qe2+ Be7 9. Nf3 O-O 10. Bxd7 Qxd7 11. O-O Rfe8 12. Nc3 Bd6 13. Qb5 Rbd8 14.
dxc5 Qxb5 15. Nxb5 Bxc5 16. Rae1 a6 17. Nbd4 Re4 18. Nb3 Bb6 19. Ng5 Ree8 20.
Nh3 Rc8 21. c3 h6 22. Nf4 g5 23. Nd3 Kg7 24. Rxe8 Rxe8 25. Re1 Ne4 26. Kf1 Rc8
27. f3 Nc5 28. Ndxc5 Bxc5 29. Re5 Bd6 30. Rxd5 Bxh2 31. Rd7 b5 32. Nd4 Rb8 33.
g3 b4 34. c4 b3 35. axb3 Bxg3 36. Nf5+ Kf6 37. Nxg3 Rxb3 38. Ne4+ Kg6 39. c5
Rxb2 40. c6 h5 41. c7 Rc2 42. Nd6 h4 43. c8=Q Rxc8 44. Nxc8 a5 45. Nd6 h3 46.
Nxf7 a4 47. Nxg5 Kxg5 48. Rd5+ Kf4 49. Rd4+ Kxf3 50. Rxa4 h2 51. Rh4 Kg3 52.
Rh8 h1=N 53. Kg1 Kf3 54. Rf8+ Ke4 55. Re8+ Kd5 56. Rd8+ Kc6 57. Rc8+ Kd7 58.
Rc3 Nf2 59. Kxf2 Ke6 60. Rc5 Kd6 61. Rh5 Ke6 62. Ke3 Kf6 63. Ke4 Kg6 64. Rf5
Kg7 65. Ke5 Kh8 66. Kf6 Kg8 67. Rh5 Kf8 68. Rh8# 1-0

[Event "Autumn Cup Swiss"]
[Site "Wellington Chess Club"]
[Date "2023.06.01"]
[Round "3.2"]
[White "Sova, Leo"]
[Black "Shepherd, Blake"]
[Result "1-0"]
[WhiteElo "1420"]
[BlackElo "1566"]
[WhiteFideId "39909204"]
[BlackFideId "0"]
[PlyCount "0"]
[EventDate "2023.05.18"]
[SourceDate ""]

1. e4 e6 2. d4 d5 3. exd5 exd5 4. c4 dxc4 5. Bxc4 Nf6 6. Nf3 Bd6 7. Nc3 O-O 8.
O-O Bg4 9. Bg5 h6 10. Bh4 c6 11. h3 Bxf3 12. gxf3 Nbd7 13. Bg3 Bb8 14. Ne4 Re8
15. Qb3 Kf8 16. Bxf7 Re7 17. Be6 Nb6 18. Nxf6 Bxg3 19. Nh7+ Ke8 20. fxg3 Qxd4+
21. Kg2 g6 22. Rfe1 Nd5 23. Bxd5 cxd5 24. Rxe7+ Kxe7 25. Qxb7+ Kd6 26. Qa6+ Kd7
27. Nf6+ Qxf6 28. Qxf6 1-0

[Event "Autumn Cup Swiss"]
[Site "Wellington Chess Club"]
[Date "2023.06.01"]
[Round "3.3"]
[White "Chang, Luke"]
[Black "Hall, Nathan"]
[Result "0-1"]
[WhiteElo "1100"]
[BlackElo "1922"]
[WhiteFideId "0"]
[BlackFideId "4306821"]
[PlyCount "0"]
[EventDate "2023.05.18"]
[SourceDate ""]

1. e4 e6 2. d4 d5 3. Nd2 Nf6 4. e5 Nfd7 5. f4 c5 6. c3 Be7 7. Bd3 Nc6 8. Ne2 f5
9. O-O g5 10. fxg5 Bxg5 11. Nf3 h6 12. Nxg5 hxg5 13. g4 cxd4 14. cxd4 Qb6 (
14... Ndxe5 15. dxe5 Qb6+ 16. Kg2 Nxe5) 15. Bb1 Ndxe5 16. gxf5 exf5 (16... g4)
17. Bxg5 (17. Bxf5 Bxf5 18. Rxf5 O-O-O 19. Bxg5 Rdg8) 17... Nf7 18. Qd2 Nxg5
19. Qxg5 Be6 20. Qe3 Kd7 21. Bxf5 Rae8 22. Bxe6+ Rxe6 23. Rf7+ Ne7 24. Qf3 Qxb2
25. Qxd5+ Rd6 26. Qf5+ Ke8 27. Rxe7+ Kxe7 28. Qe5+ Kd7 29. Rf1 Rd8 30. Rf7+ Kc8
31. Qe7 R8d7 32. Rf8+ Kc7 33. Qe5 Qxa2 34. Qc5+ Rc6 35. Qe5+ Kb6 36. Rf2 Qe6
37. Qf4 Rg7+ 38. Ng3 a6 39. Qb8 Rc1+ 40. Kg2 Qe4+ 41. Rf3 Rc2+ 42. Kg1 Qxf3 43.
Qd8+ Ka7 0-1

[Event "Autumn Cup Swiss"]
[Site "Wellington Chess Club"]
[Date "2023.06.01"]
[Round "3.4"]
[White "Ulm, Joy"]
[Black "Tanoi, Edward"]
[Result "1/2-1/2"]
[WhiteElo "1631"]
[BlackElo "1984"]
[WhiteFideId "4321081"]
[BlackFideId "4302087"]
[PlyCount "0"]
[EventDate "2023.05.18"]
[SourceDate ""]

1. d4 Nf6 2. c4 c5 3. d5 e6 4. Nc3 exd5 5. cxd5 d6 6. e4 g6 7. Nf3 a6 8. a4 Bg7
9. Bd3 Bg4 10. O-O O-O 11. h3 Bxf3 12. Qxf3 Nbd7 13. Re1 Ne5 14. Qe2 Re8 15.
Bg5 Qc7 16. Rad1 Nh5 17. Bc2 Qb6 18. Bb1 h6 19. Be3 Qd8 20. f4 Nd7 21. Qf3 Qh4
$2 22. g4 $1 {A complete shock to me.} 22... Ng3 23. Bf2 Bd4 24. Rxd4 cxd4 25.
Bxg3 Qf6 26. Nd1 Rac8 27. Nf2 Nb6 28. Qd1 Nc4 29. Nd3 Ne3 30. Qf3 Rc7 31. Bf2
Nc4 32. Qd1 Rce7 33. b3 Ne3 34. Bxe3 dxe3 35. e5 dxe5 36. fxe5 Rxe5 $1 {The
best chance for survival  and the engines approve.} 37. Nxe5 Qf2+ 38. Kh1 Rxe5
{(=) A strategic draw offer  based on the exposed King and Black's potentially
strong e-pawn. I was quite pleased  when my enterprising young opponent
accepted.} 1/2-1/2

[Event "Autumn Cup Swiss"]
[Site "Wellington Chess Club"]
[Date "2023.06.01"]
[Round "3.5"]
[White "Osborne, Geoff"]
[Black "Keith, Matthew"]
[Result "0-1"]
[WhiteElo "1464"]
[BlackElo "1796"]
[WhiteFideId "4311485"]
[BlackFideId "4320913"]
[PlyCount "0"]
[EventDate "2023.05.18"]
[SourceDate ""]

1. e4 c5 2. c3 Nf6 3. e5 Nd5 4. d4 Nc6 5. Nf3 d6 6. exd6 Qxd6 7. Bb5 e6 8. O-O
Be7 9. Re1 Bd7 10. Nbd2 a6 11. Ne4 Qc7 12. Ba4 Nf6 13. Nxf6+ Bxf6 14. Bg5 Bxg5
15. Nxg5 h6 16. Nf3 Ne7 17. Bb3 O-O 18. Ne5 Rad8 19. Qg4 Nc6 20. Nxd7 Rxd7 21.
Rad1 Rfd8 22. Re4 Na5 23. Bc2 f5 24. Qg6 fxe4 25. Qxe6+ Rf7 26. Bxe4 Qd6 27.
Qg4 Qf4 28. Qf3 Qxf3 29. gxf3 cxd4 30. cxd4 Rfd7 31. d5 Nc4 32. b3 Nb6 33. Bf5
Rxd5 34. Be6+ Kf8 35. Bxd5 Rxd5 36. Rxd5 Nxd5 37. Kg2 Nc3 38. a3 a5 39. Kg3 b5
40. Kg4 Ke7 41. Kf5 Nb1 42. a4 bxa4 43. bxa4 Nc3 44. Kg6 Kf8 0-1

[Event "Autumn Cup Swiss"]
[Site "Wellington Chess Club"]
[Date "2023.06.01"]
[Round "3.6"]
[White "Hooper, John"]
[Black "Katkodia, Ali"]
[Result "0-1"]
[WhiteElo "1142"]
[BlackElo "1835"]
[WhiteFideId "4321049"]
[BlackFideId "4321057"]
[PlyCount "0"]
[EventDate "2023.05.18"]
[SourceDate ""]

1. e4 d6 2. d4 Nf6 3. Nc3 g6 4. e5 dxe5 5. dxe5 Qxd1+ 6. Nxd1 Nfd7 7. Nf3 Bg7
8. Bf4 e6 9. Bb5 a6 10. Bxd7+ Nxd7 11. O-O b6 12. Re1 Bb7 13. Nd4 h6 14. a4 g5
15. Bg3 h5 16. h3 g4 17. h4 c5 18. Nb3 Ke7 19. Nd2 b5 20. b3 Rhd8 21. axb5 axb5
22. Rxa8 Bxa8 23. Nc3 b4 24. Nb5 Nxe5 25. Nc4 Nxc4 26. bxc4 Rd2 27. Rc1 Be4 28.
Na7 Kd7 29. Bf4 Rxc2 30. Rd1+ Bd4 31. Nb5 Kc6 32. Nxd4+ cxd4 33. Rxd4 Bg6 34.
Rd6+ Kc5 35. Rd8 Re2 36. Rc8+ Kd4 37. Be3+ Kc3 38. Bf4 e5 39. Kf1 Bd3 0-1

[Event "Autumn Cup Swiss"]
[Site "Wellington Chess Club"]
[Date "2023.06.01"]
[Round "3.7"]
[White "He, Zachary"]
[Black "Ashe, Michael"]
[Result "0-1"]
[WhiteElo "1069"]
[BlackElo "1774"]
[WhiteFideId "4320905"]
[BlackFideId "4310462"]
[PlyCount "0"]
[EventDate "2023.05.18"]
[SourceDate ""]

1. e4 c6 2. d4 d5 3. Nc3 dxe4 4. Nxe4 Nf6 5. Nxf6+ exf6 6. Bc4 Na6 7. Nf3 Be7
8. O-O Nc7 9. Bf4 O-O 10. Re1 Bg4 11. Be2 Ne6 12. Qd2 Re8 13. Rad1 Bd6 14. Bxd6
Qxd6 15. Qe3 Rad8 16. Qe4 Bh5 17. c4 Qc7 18. d5 Nf4 19. d6 Nxe2+ 20. Rxe2 Rxe4
21. Rxe4 Qb8 22. d7 Kf8 23. Rdd4 Bxf3 24. gxf3 Qc7 25. Re8+ Rxe8 26. dxe8=Q+
Kxe8 27. Rh4 h6 28. c5 Kf8 29. Ra4 b5 30. cxb6 axb6 31. Ra8+ Ke7 32. Rg8 g6 33.
Rh8 h5 34. Ra8 c5 35. Ra3 f5 36. Re3+ Kf6 37. h4 b5 38. Kg2 Qf4 39. Rb3 b4 40.
Kh3 Qd4 41. Kg3 c4 42. Rxb4 Qd6+ 0-1

[Event "Autumn Cup Swiss"]
[Site "Wellington Chess Club"]
[Date "2023.06.01"]
[Round "3.8"]
[White "Stoeveken, Peter"]
[Black "Maling, Ari"]
[Result "1-0"]
[WhiteElo "1774"]
[BlackElo "1200"]
[WhiteFideId "4304098"]
[BlackFideId "0"]
[PlyCount "0"]
[EventDate "2023.05.18"]
[SourceDate ""]

1. e4 e5 2. f4 d6 3. Nf3 Nc6 4. Bc4 Bg4 5. c3 Be7 6. Qb3 Be6 7. Bxe6 fxe6 8.
Qxe6 h6 9. fxe5 dxe5 10. Nxe5 Nxe5 11. Qxe5 Nf6 12. Qb5+ Qd7 13. Qxd7+ Nxd7 14.
O-O O-O-O 15. d4 Nf6 16. e5 Nd5 17. Nd2 Ne3 18. Rf3 Nc2 19. Rb1 Ne1 20. Rf7 Bf8
21. Ne4 Rd7 22. Rxd7 Kxd7 23. Be3 Nd3 24. Kf1 Be7 25. Ke2 Nxe5 26. dxe5 Ke6 27.
Bd4 Rf8 28. Rf1 Rxf1 29. Kxf1 b6 30. b4 Kd5 31. Nd2 c5 32. bxc5 bxc5 33. Bf2
Kxe5 34. Nb3 Kd5 35. Ke2 c4 36. Nd2 a5 37. a4 Bd6 38. h3 Ba3 39. Bb6 Bb4 40.
cxb4 axb4 41. Kd1 c3 42. Nb3 Kc4 43. Kc2 g6 44. g4 h5 45. Be3 Kd5 46. Kd3 Kc6
47. Kc4 Kd6 48. Kxb4 hxg4 49. hxg4 Ke5 50. Kxc3 Ke4 51. Bc1 1-0

[Event "Autumn Cup Swiss"]
[Site "Wellington Chess Club"]
[Date "2023.06.01"]
[Round "3.9"]
[White "Qu, Lucas"]
[Black "Pollock, Gavin"]
[Result "0-1"]
[WhiteElo "1433"]
[BlackElo "1200"]
[WhiteFideId "4314620"]
[BlackFideId "0"]
[PlyCount "0"]
[EventDate "2023.05.18"]
[SourceDate ""]

1. e4 c5 2. d4 cxd4 3. c3 dxc3 4. Nxc3 e6 5. Nf3 Bb4 6. Bd2 Ne7 7. Qb3 Nbc6 8.
a3 Ba5 9. g3 a6 10. Bg2 b5 11. O-O Bb7 12. a4 Rb8 13. axb5 axb5 14. Nxb5 Bc7
15. Nxc7+ Qxc7 16. Bf4 d6 17. Rfe1 e5 18. Ng5 Ng6 19. Be3 Bc8 20. Qc3 h6 21.
Nf3 Be6 22. Rec1 Nge7 23. Ra7 Qc8 24. Raa1 O-O 25. Rd1 Rd8 26. Bf1 Rb3 27. Qc2
Qb8 28. Rab1 f5 29. Bc4 Bxc4 30. Qxc4+ Kh8 31. exf5 d5 32. Qc2 d4 33. Nd2 dxe3
34. Nxb3 exf2+ 35. Kxf2 Qb6+ 36. Kg2 Nd5 37. Kh3 g5 38. fxg6 Nce7 39. Re1 Nxg6
40. Na1 Rf8 41. Qd2 Ndf4+ 42. gxf4 Nxf4+ 43. Kg3 Qg6+ 44. Kf3 Qh5+ 45. Ke3 Qh3+
46. Ke4 Qf5+ 47. Kf3 Ne2+ 0-1

[Event "Autumn Cup Swiss"]
[Site "Wellington Chess Club"]
[Date "2023.06.01"]
[Round "3.10"]
[White "Symon, Christopher"]
[Black "Ulm, Eric"]
[Result "1-0"]
[WhiteElo "1855"]
[BlackElo "1424"]
[WhiteFideId "0"]
[BlackFideId "0"]
[PlyCount "0"]
[EventDate "2023.05.18"]
[SourceDate ""]

1. Nf3 e6 2. d4 Nf6 3. c4 d5 4. Nc3 c6 5. Bg5 Be7 6. cxd5 cxd5 7. g3 h6 8. Bf4
Bd7 9. Bg2 O-O 10. O-O Nc6 11. Re1 Qb6 12. Na4 Qd8 13. a3 Ne4 14. Nc3 Nxc3 15.
bxc3 Na5 16. Nd2 g5 17. Be3 Rc8 18. Nb1 Nc4 19. Bc1 f5 20. Nd2 Nd6 21. Nb1 Ne4
22. Qd3 a6 23. f3 Bb5 24. Qc2 Nd6 25. g4 Qe8 26. a4 Bc4 27. gxf5 Nxf5 28. Bh3
Qf7 29. e4 Nh4 30. Nd2 Nxf3+ 31. Nxf3 Qxf3 32. Bxe6+ Kg7 33. Bxc8 Rxc8 34. e5
Rf8 35. Be3 Qg4+ 36. Qg2 Qf5 37. Rab1 b5 38. axb5 axb5 39. Rbc1 Ra8 40. Rc2 Bd3
41. Rf2 Qe6 42. Ra2 Rc8 43. Bd2 Be4 44. Qg3 Rf8 45. Ra7 Rf3 46. Qg2 Rxc3 47.
Rxe4 Rc2 48. Re2 1-0

[Event "Autumn Cup Swiss"]
[Site "Wellington Chess Club"]
[Date "2023.06.01"]
[Round "3.11"]
[White "Saglam, Azra Sena"]
[Black "Scott, Callum"]
[Result "1/2-1/2"]
[WhiteElo "1299"]
[BlackElo "1577"]
[WhiteFideId "4320956"]
[BlackFideId "0"]
[PlyCount "0"]
[EventDate "2023.05.18"]
[SourceDate ""]

1. c4 e5 2. Nc3 Nf6 3. g3 Be7 4. Bg2 Nc6 5. d3 d6 6. e4 Nd7 7. Nge2 Nc5 8. a3
f5 9. b4 Ne6 10. exf5 Ned4 11. b5 Nxe2 12. Nxe2 Nd4 13. Nxd4 exd4 14. Bb2 Bxf5
15. Bxd4 O-O 16. Bxb7 Bf6 17. Bxf6 Qxf6 18. O-O Rae8 19. Bc6 Re7 20. Qd2 Bh3
21. Bg2 Bxg2 22. Kxg2 Qf3+ 23. Kg1 Re2 24. Qd1 Rfe8 25. Ra2 Qg4 26. Rxe2 Qxe2
27. Qb3 h5 28. c5+ Kh8 29. cxd6 cxd6 30. Qd5 h4 31. Qxd6 h3 32. g4 Re3 33. Qf8+
Kh7 34. Qf5+ Kg8 35. a4 Rxd3 36. Qc8+ Kh7 37. Qf5+ Kg8 1/2-1/2

[Event "Autumn Cup Swiss"]
[Site "Wellington Chess Club"]
[Date "2023.06.01"]
[Round "3.12"]
[White "Aldridge, Alan"]
[Black "Tan, Jin"]
[Result "1-0"]
[WhiteElo "1795"]
[BlackElo "1039"]
[WhiteFideId "4301528"]
[BlackFideId "4320872"]
[PlyCount "0"]
[EventDate "2023.05.18"]
[SourceDate ""]

1. e4 e5 2. Nf3 Nc6 3. Bb5 a6 4. Ba4 Nf6 5. d3 b5 6. Bb3 Bc5 7. O-O O-O 8. Bg5
Re8 9. Nc3 Nd4 10. Nxd4 Bxd4 11. Nd5 Bxb2 12. Rb1 Ba3 13. Qf3 Be7 14. Nxe7+
Qxe7 15. Qg3 c6 16. f4 Qc5+ 17. Kh1 Nh5 18. Qh4 g6 19. fxe5 d5 20. exd6 Be6 21.
d7 Bxb3 22. dxe8=Q+ Rxe8 23. axb3 Qxc2 24. Qf2 Qxf2 25. Rxf2 Re5 26. Be3 Ng7
27. Bd4 Re8 28. Bxg7 Kxg7 29. Kg1 Rd8 30. Rd2 Kf6 31. d4 c5 32. Rf1+ Ke7 33. d5
Rd6 34. e5 Rb6 35. d6+ 1-0

[Event "Autumn Cup Swiss"]
[Site "Wellington Chess Club"]
[Date "2023.06.01"]
[Round "3.13"]
[White "Brockway, Andrew"]
[Black "Fairbrother, Rebecca"]
[Result "1-0"]
[WhiteElo "1648"]
[BlackElo "959"]
[WhiteFideId "4301340"]
[BlackFideId "0"]
[PlyCount "0"]
[EventDate "2023.05.18"]
[SourceDate ""]

1. e4 e5 2. Nf3 Nc6 3. d4 d5 4. exd5 Qxd5 5. Nc3 Qa5 6. Nxe5 Bb4 7. Bd2 Nxd4 8.
Nc4 Qa6 9. Be3 Nxc2+ 10. Qxc2 Be6 11. Nb6 Qxb6 12. Bxb6 O-O-O 13. Be2 Bd5 14.
O-O Nf6 15. Rfd1 Be4 16. Nxe4 Rd7 17. Nxf6 gxf6 18. Bg4 Rd8 19. Qf5 1-0

[Event "Autumn Cup Swiss"]
[Site "Wellington Chess Club"]
[Date "2023.06.01"]
[Round "3.14"]
[White "Farrington, Lawrence"]
[Black "Holl, Corey"]
[Result "1-0"]
[WhiteElo "1518"]
[BlackElo "1000"]
[WhiteFideId "4301749"]
[BlackFideId "0"]
[PlyCount "0"]
[EventDate "2023.05.18"]
[SourceDate ""]

1. e4 c5 2. Nc3 Nc6 3. Nf3 d6 4. Bb5 Qc7 5. d4 Bd7 6. d5 Ne5 7. Nxe5 dxe5 8.
O-O Nf6 9. Bxd7+ Qxd7 10. Qe2 a6 11. Rd1 e6 12. dxe6 Qxe6 13. Nd5 Be7 14. Nc7+
Kf8 15. Nxe6+ fxe6 16. Bg5 Kf7 17. Bxf6 Bxf6 18. Qc4 Rac8 19. g3 b5 20. Rd7+
Kg6 21. Qe2 h5 22. Rad1 Rh6 23. R1d6 Kh7 24. Rxa6 Rf8 25. Qxb5 Rg6 26. Qxc5 h4
27. Qxf8 hxg3 28. fxg3 Bh4 29. Kg2 Rg4 30. Rxe6 Rxg3+ 31. hxg3 Bf6 32. Re8 Be7
33. Qh8+ Kg6 34. Rd6+ Bxd6 35. Re6+ Kf7 36. Qe8# 1-0

[Event "Autumn Cup Swiss"]
[Site "Wellington Chess Club"]
[Date "2023.06.01"]
[Round "3.15"]
[White "van Laanen, Bas"]
[Black "Hupert, Leo"]
[Result "0-1"]
[WhiteElo "1200"]
[BlackElo "1373"]
[WhiteFideId "0"]
[BlackFideId "0"]
[PlyCount "0"]
[EventDate "2023.05.18"]
[SourceDate ""]

1. c4 g6 2. Nc3 Nf6 3. Nf3 Bg7 4. d4 d5 5. c5 c6 6. Bf4 Nbd7 7. g3 Nf8 8. Bg2
Ne6 9. Be5 O-O 10. Qd2 Ng4 11. Bxg7 Kxg7 12. h3 Nh6 13. Ne5 Nf5 14. e3 h5 15.
g4 Nh4 16. Bf1 f6 17. Nd3 Nf3+ 18. Ke2 Nxd2 19. Kxd2 hxg4 20. hxg4 Rh8 21. Bh3
Ng5 22. Nf4 e5 23. dxe5 fxe5 24. Nxg6 Kxg6 25. Bg2 Bxg4 26. Kc2 Qf6 27. e4
Qxf2+ 0-1

[Event "Autumn Cup Swiss"]
[Site "Wellington Chess Club"]
[Date "2023.06.01"]
[Round "3.16"]
[White "Chaturvedi, Vivaan"]
[Black "He, Jacob"]
[Result "1-0"]
[WhiteElo "1243"]
[BlackElo "857"]
[WhiteFideId "0"]
[BlackFideId "0"]
[PlyCount "0"]
[EventDate "2023.05.18"]
[SourceDate ""]

1. e4 e5 2. Nf3 Nf6 3. Nxe5 Nxe4 4. Qe2 d6 5. Qxe4 dxe5 6. Qxe5+ Be6 7. Bc4 Nc6
8. Qe2 Qd7 9. O-O O-O-O 10. Bxe6 fxe6 11. Nc3 Bb4 12. a3 Bxc3 13. dxc3 a6 14.
Bg5 Rde8 15. Qf3 Rhf8 16. Rad1 Qf7 17. Qxf7 Rxf7 18. Rfe1 h6 19. Bh4 e5 20. Bg3
Rfe7 21. b4 g5 22. Rd5 Kb8 23. c4 Rd8 24. Rxd8+ Nxd8 25. Rxe5 Rd7 26. h3 Rd4
27. Rc5 Ne6 28. Re5 Ng7 29. Re7 Nh5 30. Bxc7+ Kc8 31. c5 g4 32. hxg4 Rxg4 33.
Bg3 Nf4 34. Re4 Ne2+ 35. Rxe2 Rd4 36. Re6 h5 37. Rh6 Rd2 38. f4 Rxc2 39. f5
Rc1+ 40. Kh2 Rf1 41. f6 Kd8 42. Bh4 Rf4 43. f7+ Rxh4+ 44. Kg3 Rg4+ 45. Kf3 Ke7
46. Rxh5 Rg7 47. Rf5 Rxf7 48. Rxf7+ Kxf7 49. Ke4 1-0

[Event "Autumn Cup Swiss"]
[Site "Wellington Chess Club"]
[Date "2023.06.01"]
[Round "3.17"]
[White "Madamba, Keith"]
[Black "Asher, Bruce"]
[Result "1-0"]
[WhiteElo "1200"]
[BlackElo "1068"]
[WhiteFideId "0"]
[BlackFideId "0"]
[PlyCount "0"]
[EventDate "2023.05.18"]
[SourceDate ""]

1. d4 d5 2. Nc3 Nf6 3. Bf4 e6 4. e3 Bb4 5. Bd3 c5 6. Nf3 Nc6 7. dxc5 Bxc5 8. a3
b6 9. Nb5 O-O 10. h4 Bb7 11. h5 h6 12. Nh4 g5 13. hxg6 fxg6 14. Nxg6 Rf7 15.
Qf3 Qd7 16. Rxh6 Rh7 17. Rxh7 Qxh7 18. Ne5 Qg7 19. O-O-O a6 20. Rh1 Nxe5 21.
Bxe5 Kf7 22. Bxf6 Qxf6 23. Rh7+ Kg8 24. Qxf6 1-0

[Event "Autumn Cup Swiss"]
[Site "Wellington Chess Club"]
[Date "2023.06.01"]
[Round "3.18"]
[White "Askew, Felix"]
[Black "Hampshire, Thomas"]
[Result "0-1"]
[WhiteElo "1000"]
[BlackElo "1566"]
[WhiteFideId "0"]
[BlackFideId "0"]
[PlyCount "0"]
[EventDate "2023.05.18"]
[SourceDate ""]

1. e4 c5 2. Nf3 e6 3. c3 Nf6 4. Na3 Nxe4 5. Nc2 Nc6 6. d3 Nf6 7. h3 d5 8. d4
cxd4 9. cxd4 Be7 10. Ne5 O-O 11. Nxc6 bxc6 12. f3 Nh5 13. Ne3 Bh4+ 14. Kd2 Qa5+
15. Kc2 Ng3 16. Rg1 Nxf1 17. Rxf1 c5 18. Bd2 Qb6 19. Bc3 Ba6 20. g3 Bf6 21.
dxc5 Qxc5 22. Re1 Bb5 23. Qd2 d4 24. Rac1 dxc3 25. bxc3 Ba4+ 26. Kb2 Rab8+ 27.
Ka1 Rfd8 28. Qxd8+ Rxd8 0-1

[Event "Autumn Cup Swiss"]
[Site "Wellington Chess Club"]
[Date "2023.06.01"]
[Round "3.19"]
[White "Moses, Christopher"]
[Black "Ravi, Vrajesh"]
[Result "1-0"]
[WhiteElo "1500"]
[BlackElo "1000"]
[WhiteFideId "0"]
[BlackFideId "0"]
[PlyCount "0"]
[EventDate "2023.05.18"]
[SourceDate ""]

1. e4 e5 2. Nc3 Nf6 3. f4 exf4 4. e5 Ng8 5. Nf3 Bb4 6. Bc4 Bxc3 7. bxc3 Nh6 8.
d4 d6 9. Bxf4 dxe5 10. Bxh6 gxh6 11. Bxf7+ Kxf7 12. Nxe5+ Ke8 13. Qh5+ Kf8 14.
Qf7# 1-0

[Event "Autumn Cup Swiss"]
[Site "Wellington Chess Club"]
[Date "2023.06.01"]
[Round "3.20"]
[White "Stoeveken, Ben"]
[Black "Hill, Matthew"]
[Result "1-0"]
[WhiteElo "1300"]
[BlackElo "1200"]
[WhiteFideId "0"]
[BlackFideId "0"]
[PlyCount "0"]
[EventDate "2023.05.18"]
[SourceDate ""]

1. e4 c5 2. Nf3 Nc6 3. d4 Nf6 4. d5 Nd4 5. Nxd4 cxd4 6. Qxd4 Qb6 7. Qxb6 axb6
8. Nc3 e5 9. a3 Bc5 10. Bg5 Ng8 11. Nb5 Ra5 12. Nc7+ Kf8 13. Rd1 Bd6 14. Nb5 f6
15. Nxd6 Ra8 16. Be3 Nh6 17. Bxb6 Nf7 18. Nxf7 Kxf7 19. d6 Ra4 20. Bd3 h5 21.
O-O g5 22. Rfe1 g4 23. Bb5 Ra8 24. Rd5 h4 25. Bc4 Kg6 26. Re3 h3 27. gxh3 gxh3
28. Rg3+ Kf7 29. Ra5+ Kf8 30. Rxa8 1-0

[Event "Autumn Cup Swiss"]
[Site "Wellington Chess Club"]
[Date "2023.06.08"]
[Round "4.1"]
[White "Loke, Kayden"]
[Black "Sova, Leo"]
[Result "1-0"]
[WhiteElo "1964"]
[BlackElo "1420"]
[WhiteFideId "4313186"]
[BlackFideId "39909204"]
[PlyCount "0"]
[EventDate "2023.05.18"]
[SourceDate ""]

1. e4 e5 2. Nf3 Nc6 3. Bc4 Bc5 4. c3 Nf6 5. d4 exd4 6. e5 d5 7. Bb5 Ne4 8. cxd4
Bb4+ 9. Bd2 Nxd2 10. Nbxd2 Bd7 11. O-O a6 12. Ba4 b5 13. Bb3 Be6 14. a3 Ba5 15.
Rc1 Ne7 16. Ba2 O-O 17. Nb3 Bb6 18. Ng5 Ng6 19. Qh5 Re8 20. f4 Nf8 21. f5 g6
22. fxg6 hxg6 23. Qh6 Re7 24. Rf4 f6 25. exf6 Rh7 26. Nxh7 1-0

[Event "Autumn Cup Swiss"]
[Site "Wellington Chess Club"]
[Date "2023.06.08"]
[Round "4.2"]
[White "Keith, Matthew"]
[Black "Sethuramalingam, Karthik"]
[Result "1/2-1/2"]
[WhiteElo "1796"]
[BlackElo "1361"]
[WhiteFideId "4320913"]
[BlackFideId "4320964"]
[PlyCount "0"]
[EventDate "2023.05.18"]
[SourceDate ""]

1. Nf3 d5 2. c4 e6 3. g3 Be7 4. Bg2 Nf6 5. d4 O-O 6. O-O dxc4 7. Qc2 a6 8. Rd1
h6 9. Qxc4 b5 10. Qc2 Bb7 11. Bf4 Nd5 12. Ne5 Nb4 13. Qd2 Bxg2 14. Kxg2 Qd5+
15. f3 Nxa2 16. e4 Qb3 17. Nc3 Nb4 18. Nxb5 c6 19. Rdc1 Na2 20. Nc7 Ra7 21.
Nxc6 Nxc6 22. Rxc6 Rc8 23. d5 exd5 24. exd5 Nb4 25. Rc3 Raxc7 26. Rxb3 Rc2 27.
d6 Bxd6 28. Qxc2 Rxc2+ 29. Kh3 Bxf4 30. Rxb4 Be5 31. Rxa6 Rxb2 32. Re4 Bf6 33.
Ra8+ Kh7 34. Ra7 Kg6 35. Rg4+ Bg5 36. f4 f5 37. Ra6+ Kh5 38. Rxg5+ hxg5 39.
fxg5 Kxg5 40. Ra4 g6 1/2-1/2

[Event "Autumn Cup Swiss"]
[Site "Wellington Chess Club"]
[Date "2023.06.08"]
[Round "4.3"]
[White "Tanoi, Edward"]
[Black "Howe, Alexander"]
[Result "1-0"]
[WhiteElo "1984"]
[BlackElo "1552"]
[WhiteFideId "4302087"]
[BlackFideId "4317386"]
[PlyCount "0"]
[EventDate "2023.05.18"]
[SourceDate ""]

1. Nf3 d5 2. c4 e6 3. d4 Nf6 4. Nc3 Be7 5. Bf4 a6 6. e3 O-O 7. Bd3 dxc4 8. Bxc4
b5 9. Be2 Bb7 10. O-O c5 11. a3 Nc6 12. Re1 Nh5 13. Be5 f6 14. Bg3 Nxg3 15.
hxg3 cxd4 16. exd4 Bd6 17. Qb3 Bc8 18. Rad1 Kh8 19. Qc2 b4 20. Ne4 Ne7 21. a4
Bb7 22. Bc4 Rc8 23. Qd3 a5 24. Nxd6 Qxd6 25. Rxe6 Qc7 26. b3 Nd5 27. Rde1 Nc3
28. Re7 Qc6 29. R1e6 1-0

[Event "Autumn Cup Swiss"]
[Site "Wellington Chess Club"]
[Date "2023.06.08"]
[Round "4.4"]
[White "Katkodia, Ali"]
[Black "Chang, Luke"]
[Result "0-1"]
[WhiteElo "1835"]
[BlackElo "1100"]
[WhiteFideId "4321057"]
[BlackFideId "0"]
[PlyCount "0"]
[EventDate "2023.05.18"]
[SourceDate ""]

1. e4 e6 2. d4 d5 3. exd5 exd5 4. c4 dxc4 5. Bxc4 Nf6 6. Nf3 Be7 7. O-O O-O 8.
Nc3 Bg4 9. Qd3 Bxf3 10. Qxf3 Qxd4 11. Qxb7 Nbd7 12. Be2 Rab8 13. Qxc7 Bd6 14.
Qc4 Qe5 15. Qh4 Rb4 16. Qh3 g5 17. Qg3 Qe6 18. Qxg5+ Kh8 19. Qh6 Rg8 20. b3 Rg6
21. Qd2 Bxh2+ 22. Kh1 Rh4 23. Qd3 Ne5 24. Qxg6 hxg6 25. Bg5 Rh7 26. Bxf6+ Qxf6
27. Rad1 Bg3+ 28. Kg1 Rh1+ 29. Kxh1 Qh4+ 0-1

[Event "Autumn Cup Swiss"]
[Site "Wellington Chess Club"]
[Date "2023.06.08"]
[Round "4.5"]
[White "Ashe, Michael"]
[Black "Moses, Christopher"]
[Result "1/2-1/2"]
[WhiteElo "1774"]
[BlackElo "1500"]
[WhiteFideId "4310462"]
[BlackFideId "0"]
[PlyCount "0"]
[EventDate "2023.05.18"]
[SourceDate ""]

1. d4 Nf6 2. c4 e5 3. dxe5 Ng4 4. Bf4 Nc6 5. Nf3 Bb4+ 6. Nbd2 Qe7 7. e3 Ngxe5
8. Nxe5 Nxe5 9. Be2 Qe6 10. O-O O-O 11. Rc1 Re8 12. Nf3 d6 13. a3 Nxf3+ 14.
Bxf3 Ba5 15. Bd5 Qg6 16. Qa4 c6 17. Qxa5 cxd5 18. Qxd5 Bh3 19. Qg5 Qxg5 20.
Bxg5 Be6 21. Rfd1 Rac8 22. b3 b5 23. Rxd6 bxc4 24. b4 c3 25. f3 c2 26. Rd3 Ba2
27. e4 Bb1 28. Kf2 f6 29. Be3 Red8 30. Rxd8+ Rxd8 31. Ke2 a6 32. a4 Kf7 33. Bb6
Rd7 34. Bc5 Ke6 35. f4 f5 36. e5 g5 37. g3 gxf4 38. gxf4 Rg7 39. Kf3 Kd5 40. a5
Kc4 41. e6 Kd3 42. e7 Rg8 43. Re1 Re8 44. Kf2 ( {With the possible
continuation} 44. Kf2 Ba2 45. b5 axb5 46. Ba3 Bf7 47. Re3+ Kd2 48. Re5 {0.00} )
1/2-1/2

[Event "Autumn Cup Swiss"]
[Site "Wellington Chess Club"]
[Date "2023.06.08"]
[Round "4.6"]
[White "Pollock, Gavin"]
[Black "Stoeveken, Peter"]
[Result "1-0"]
[WhiteElo "1200"]
[BlackElo "1774"]
[WhiteFideId "0"]
[BlackFideId "4304098"]
[PlyCount "0"]
[EventDate "2023.05.18"]
[SourceDate ""]

1. e4 c5 2. d4 cxd4 3. c3 dxc3 4. Nxc3 Nc6 5. Nf3 e6 6. Be2 Bb4 7. Bf4 Bxc3+ 8.
bxc3 Nge7 9. O-O O-O 10. Qc2 Ng6 11. Bd6 Re8 12. Rad1 Qa5 13. Nd4 a6 14. f4 b6
15. Rf3 Bb7 16. Rh3 Nce7 17. Bb4 Nxf4 18. Bxa5 Nxh3+ 19. gxh3 bxa5 20. Rf1 Rac8
21. h4 Rc7 22. Rf3 Rec8 23. Bd3 Rxc3 24. Qa4 Ng6 25. Qxd7 R3c7 26. Qd6 Nxh4 27.
Rh3 g5 28. Qg3 Ng6 29. Qxg5 e5 30. Nf5 f6 31. Nh6+ Kg7 32. Nf5+ Kg8 33. Qxf6
Rf8 34. Bc4+ 1-0